00426nam a2200157Ia 4500003000400000005001700004008004100021020001800062040000900080082001700089100002500106245007800131260003700209300000900246650001300255OSt20200201114328.0190216s9999||||xx |||||||||||||| ||und|| a9788121903691 coclc a320.1bMAH/P a Mahajan, Vidya Dhar 0aPolitical Theory :bPrinciples Of Political Science /cVidya Dhar Mahajan bS Chand & Co,c2013.aNew Delhi: a825p aPolitics